<?xml version="1.0" encoding="UTF-8"?>
<record
    xmlns:xsi="http://www.w3.org/2001/XMLSchema-instance"
    xsi:schemaLocation="http://www.loc.gov/MARC21/slim http://www.loc.gov/standards/marcxml/schema/MARC21slim.xsd"
    xmlns="http://www.loc.gov/MARC21/slim">

  <leader>00826nam a22001817a 4500</leader>
  <controlfield tag="001">10033</controlfield>
  <controlfield tag="003">FISKH</controlfield>
  <controlfield tag="005">20260401101640.0</controlfield>
  <controlfield tag="008">260331b        cb ||||| |||| 00| 0 eng d</controlfield>
  <datafield tag="020" ind1=" " ind2=" ">
    <subfield code="a">9787555714538</subfield>
  </datafield>
  <datafield tag="040" ind1=" " ind2=" ">
    <subfield code="a">FISKH</subfield>
    <subfield code="b">chi </subfield>
    <subfield code="c">FISKH</subfield>
    <subfield code="d">FISKH</subfield>
  </datafield>
  <datafield tag="100" ind1=" " ind2=" ">
    <subfield code="a">&#x6731;&#x8389;&#x5A05;&#x7F16;&#x8457;</subfield>
  </datafield>
  <datafield tag="245" ind1=" " ind2=" ">
    <subfield code="a"> &#x517B;&#x80B2;&#x7537;&#x5B69; /</subfield>
    <subfield code="c">&#x6731;&#x8389;&#x5A05;&#x7F16;&#x8457;</subfield>
  </datafield>
  <datafield tag="300" ind1=" " ind2=" ">
    <subfield code="a">182 pages :</subfield>
    <subfield code="b">illustrations ;</subfield>
    <subfield code="c">21 cm . </subfield>
  </datafield>
  <datafield tag="520" ind1=" " ind2=" ">
    <subfield code="a">&#x672C;&#x4E66;&#x662F;&#x4E00;&#x672C;&#x5BB6;&#x5EAD;&#x6559;&#x80B2;&#x7C7B;&#x56FE;&#x4E66;,&#x901A;&#x8FC7;&#x5BF9;&#x5927;&#x91CF;&#x5BB6;&#x5EAD;&#x6559;&#x80B2;&#x60C5;&#x666F;&#x6848;&#x4F8B;&#x7684;&#x5206;&#x6790;&#x548C;&#x89E3;&#x8BFB;,&#x603B;&#x7ED3;&#x51FA;&#x517B;&#x80B2;&#x7537;&#x5B69;&#x4E2D;&#x7684;&#x91CD;&#x70B9;&#x4E0E;&#x96BE;&#x70B9;&#x95EE;&#x9898;,&#x5E76;&#x63D0;&#x51FA;&#x4E86;&#x89E3;&#x51B3;&#x8FD9;&#x4E9B;&#x95EE;&#x9898;&#x7684;&#x65B9;&#x6CD5;&#x548C;&#x6280;&#x5DE7;.&#x5728;&#x672C;&#x4E66;&#x5F53;&#x4E2D;,&#x4F5C;&#x8005;&#x544A;&#x8BC9;&#x7236;&#x6BCD;&#x4EEC;&#x8BE5;&#x5982;&#x4F55;&#x5728;&#x8DDF;&#x5B69;&#x5B50;&#x7684;&#x65E5;&#x5E38;&#x4EA4;&#x5F80;&#x4E2D;&#x8FD0;&#x7528;&#x6B63;&#x9762;&#x8BED;&#x8A00;&#x6ECB;&#x517B;&#x5B69;&#x5B50;&#x7684;&#x5FC3;&#x7075;,&#x5E2E;&#x52A9;&#x5B69;&#x5B50;&#x6210;&#x4E3A;&#x4E00;&#x4F4D;&#x72EC;&#x7ACB;,&#x6709;&#x62C5;&#x5F53;,&#x6709;&#x9886;&#x5BFC;&#x529B;&#x7684;&#x7537;&#x5B50;&#x6C49;
</subfield>
  </datafield>
  <datafield tag="942" ind1=" " ind2=" ">
    <subfield code="2">ddc</subfield>
    <subfield code="c">BOOK</subfield>
    <subfield code="n">0</subfield>
  </datafield>
  <datafield tag="999" ind1=" " ind2=" ">
    <subfield code="c">10033</subfield>
    <subfield code="d">10033</subfield>
  </datafield>
  <datafield tag="952" ind1=" " ind2=" ">
    <subfield code="0">0</subfield>
    <subfield code="1">0</subfield>
    <subfield code="2">ddc</subfield>
    <subfield code="4">0</subfield>
    <subfield code="7">0</subfield>
    <subfield code="8">REF</subfield>
    <subfield code="a">002</subfield>
    <subfield code="b">002</subfield>
    <subfield code="c">LSHTTP</subfield>
    <subfield code="d">2026-03-31</subfield>
    <subfield code="l">0</subfield>
    <subfield code="o">&#x6731;&#x8389;&#x5A05;&#x7F16;&#x8457;</subfield>
    <subfield code="p">2026-0412</subfield>
    <subfield code="r">2026-03-31 11:09:56</subfield>
    <subfield code="w">2026-03-31</subfield>
    <subfield code="y">BK</subfield>
  </datafield>
</record>
